000 00426nam a2200157Ia 4500
003 SGT
082 _a621.31042
_bHUS
100 _aHusain,Ashfaq
245 _aElectric mechines
250 _a2nd Ed.
260 _bDhanpat Rai & Co.
_aN. Delhi
_c2013
300 _a632p.
650 _aELECTRONICS ENGINERRING
653 _aTRANSFORMER,SYNCHRONOUS GENERATORS,THREE-PHASE INDUCTION MOTORS,DIRECT-CURRENT MOTORS
942 _2ddc
_cBK
999 _c5800
_d5800